01173nam a2200301Ia 450000500170000000800410001702000180005810000290007624501420010525000180024730000570026549000520032265000510037465000550042565000330048065000350051370000220054870000360057070000500060694200150065626400510067133600270072233700330074933800280078204000350081008400110084599900150085620220317001526.0161108s2005 ck a g 000 f s  a97860716337431 aHowe, Deborahd1946-197810aBonículabuna historia de misterio conejilcDeborah y James Howe ; ilustrado por Francisco Nava Bouchaín ; traducción David Huerta a3a. edición a95 páginasbilustraciones en blanco y negroc19 cm aA la orilla del viento : para los que leen bien142LEMBaNovela infantil estadounidenseySiglo XX142LEMBaLiteratura infantil estadounidenseySiglo XX142LEMBaGatos en la literatura142LEMBaConejos en la literatura1 aHowe, James978011 aHuerta, Davidetraductor9749651 aNava Bouchaín, Franciscoeilustrador974966 2loccBKLIT aBogotábFondo de Cultura Económicac[2005] atextobtxt2rdacontent asin mediaciónbn2rdamedia avolumenbnc2rdacarrier aCO-BoRNBPbspaerdacCO-BoRNBP aN HOW2 c7244d7244